Dependencia política y colonialosmo: Ideología independentista y lucha de clases de Belice /
Gardado en:
| Autor Principal: | |
|---|---|
| Formato: | Texto |
| Etiquetas: |
Engadir etiqueta
Sen Etiquetas, Sexa o primeiro en etiquetar este rexistro!
|
MARC
| LEADER | 00000 a a2200000 04500 | ||
|---|---|---|---|
| 001 | 45393 | ||
| 003 | |||
| 040 | |||
| 090 | |a REV0780 (2)1976 | ||
| 100 | |a Aguilera Peralta, Gabriel | ||
| 245 | |a Dependencia política y colonialosmo: |b Ideología independentista y lucha de clases de Belice / |c Gabriel Aguilera Peralta | ||
| 773 | |g número2, II Epoca, (junio - diciembre, 1976), páginas 35-49 | ||
| 999 | |c 38617 |d 38617 | ||
